Power electronics: devices, circuits, and applications. (4th edition) (Record no. 82094)
[ view plain ]
| 000 -LEADER | |
|---|---|
| fixed length control field | 01332nam a2200241 a 4500 |
| 008 - FIXED-LENGTH DATA ELEMENTS--GENERAL INFORMATION | |
| fixed length control field | 190715s2014 ||||||||||||||||| || u |
| 020 ## - INTERNATIONAL STANDARD BOOK NUMBER | |
| International Standard Book Number | 9780273769088 |
| 050 ## - LIBRARY OF CONGRESS CALL NUMBER | |
| Classification number | TK 7881.15 Ras |
| 100 ## - MAIN ENTRY--PERSONAL NAME | |
| Personal name | Kumar, Narendra |
| 245 10 - TITLE STATEMENT | |
| Title | Power electronics: devices, circuits, and applications. (4th edition) |
| Statement of responsibility, etc. | By Muhammad H. Rashid |
| 250 ## - EDITION STATEMENT | |
| Edition statement | 4th edition |
| 260 ## - PUBLICATION, DISTRIBUTION, ETC. | |
| Place of publication, distribution, etc. | Boston |
| Name of publisher, distributor, etc. | Pearson |
| Date of publication, distribution, etc. | 2014 |
| 300 ## - PHYSICAL DESCRIPTION | |
| Extent | 1022 pages : illustrations |
| 350 ## - | |
| -- | 49.98 |
| 650 #0 - SUBJECT ADDED ENTRY--TOPICAL TERM | |
| Topical term or geographic name entry element | POWER ELECTRONICS |
| 700 ## - ADDED ENTRY--PERSONAL NAME | |
| Personal name | Kulkarni, Ashish |
| 700 ## - ADDED ENTRY--PERSONAL NAME | |
| Personal name | Rashid, Muhammad H |
| 995 ## - | |
| -- | MAIN LIBRARY OPEN ACCESS |
| -- | 749465 |
| -- | CBU-MAIN LIBRARY (Kitwe) |
| -- | 49.98 |
| -- | TK 7881.15 Ras |
| -- | 2 |
| -- | AVAILABLE |
| -- | Jul 16, 2019 |
| -- | 749465 |
| -- | Main Library Open Access Collection |
| 995 ## - | |
| -- | SHORT LOAN BOOKS |
| -- | 750080 |
| -- | CBU-MAIN LIBRARY (Kitwe) |
| -- | 49.98 |
| -- | TK 7881.15 Ras |
| -- | 5 |
| -- | AVAILABLE |
| -- | Nov 27, 2019 |
| -- | 750080 |
| -- | Short Loan Collection |
| 995 ## - | |
| -- | SHORT LOAN BOOKS |
| -- | 749464 |
| -- | CBU-MAIN LIBRARY (Kitwe) |
| -- | 49.98 |
| -- | TK 7881.15 Ras |
| -- | 3 |
| -- | AVAILABLE |
| -- | Jul 16, 2019 |
| -- | 749464 |
| -- | Short Loan Collection |
| 995 ## - | |
| -- | SHORT LOAN BOOKS |
| -- | 749463 |
| -- | CBU-MAIN LIBRARY (Kitwe) |
| -- | 49.98 |
| -- | TK 7881.15 Ras |
| -- | 4 |
| -- | AVAILABLE |
| -- | Jul 16, 2019 |
| -- | 749463 |
| -- | Short Loan Collection |
| 995 ## - | |
| -- | MAIN LIBRARY OPEN ACCESS |
| -- | 749466 |
| -- | CBU-MAIN LIBRARY (Kitwe) |
| -- | 49.98 |
| -- | TK 7881.15 Ras |
| -- | 1 |
| -- | AVAILABLE |
| -- | Jul 16, 2019 |
| -- | 749466 |
| -- | Main Library Open Access Collection |
| 999 ## - | |
| -- | 82094 |
| -- | 82094 |
| Withdrawn status | Lost status | Source of classification or shelving scheme | Damaged status | Not for loan | Permanent Location | Current Location | Shelving location | Date acquired | Total Checkouts | Full call number | Barcode | Date last seen | Copy number | Price effective from | Koha item type |
|---|---|---|---|---|---|---|---|---|---|---|---|---|---|---|---|
| CBU-MAIN LIBRARY, KITWE. | CBU-MAIN LIBRARY, KITWE. | 09/12/2023 | TK 7881.15 Ras | 749465 | 09/12/2023 | 1 | 09/12/2023 | MONOGRAPH | |||||||
| CBU-MAIN LIBRARY, KITWE. | CBU-MAIN LIBRARY, KITWE. | 09/12/2023 | TK 7881.15 Ras | 750080 | 09/12/2023 | 2 | 09/12/2023 | SHORT LOAN COLLECTION | |||||||
| CBU-MAIN LIBRARY, KITWE. | CBU-MAIN LIBRARY, KITWE. | 09/12/2023 | TK 7881.15 Ras | 749464 | 09/12/2023 | 3 | 09/12/2023 | SHORT LOAN COLLECTION | |||||||
| CBU-MAIN LIBRARY, KITWE. | CBU-MAIN LIBRARY, KITWE. | 09/12/2023 | TK 7881.15 Ras | 749463 | 09/12/2023 | 4 | 09/12/2023 | SHORT LOAN COLLECTION | |||||||
| CBU-MAIN LIBRARY, KITWE. | CBU-MAIN LIBRARY, KITWE. | 09/12/2023 | TK 7881.15 Ras | 749466 | 09/12/2023 | 5 | 09/12/2023 | MONOGRAPH |